000 00527nam a2200157 4500
001 107740
003 ES-MaACL
007 t|
008 061121s1981 sp r ||||1| spa d
100 1 _aMoreno Becerra, José Luis.
_983331
245 1 0 _aEducación y fuerza de trabajo en Canarias /
_cJosé Luis Moreno Becerra; prólogo de José Jané Solá.
260 _aSanta Cruz de Tenerife :
_bInterinsular Canaria,
_c1981.
300 _a178 p. ;
_c23.
700 1 _aJané Solá, José.
_966003
852 _aES-MaACL
_jL-918
_bR.101800
999 _c107740
_d107740